Descriptions décalées de films Disney (2ème partie) - Statistiques

Statistiques générales
  • Ce quiz a été pris 153 fois
  • Le résultat moyen est 7 sur 11
Statistiques - réponses
Résumé pourri Film à deviner % Correct
Une meuf qui se fait réduire en esclavage par l'intégralité de sa famille se fait sauver par un péquenaud fétichiste des pieds. Cendrillon
91%
Deux chiens. Deux classes sociales complètement opposées. De la bouffe. La Belle et le Clochard
89%
C'est l'histoire d'un mec qui s'identifie comme un primate. Tarzan
85%
Une ado en crise décide de prendre le large et devient pote avec une version chevelue de Dwayne Johnson. Vaiana
81%
C'est l'histoire d'une meuf qui adore faire la cuisine mais qui est endettée jusqu'au cul. Le truc, c'est qu'elle est prête à tout pour toucher le pactole, genre rouler une galoche à un gars qui n'est littéralement pas humain qui rentre par effraction dans sa chambre. La princesse et la grenouille
80%
Un mec sans thunes tombe amoureux d'une gosse de riche qu'il drague en faisant de l'usurpation d'identité. Aladdin
71%
Il s'agit de l'illustration de la célèbre phrase "Les jeux vidéos rendent violent". Les mondes de Ralph
63%
Un mouflet élevé par un sosie de Croc-Blanc. Le livre de la Jungle
62%
C'est l'histoire d'un jeune homme qui décide de partir à la recherche de son géniteur, qui est parti chercher le lait. La planète au trésor
39%
C'est l'histoire d'un socialiste amoureux d'une noble. Robin des Bois
22%
Un mec qui se la joue Indiana Jones s'obstine à trouver un endroit complètement paumé (voire inconnu au bataillon), tout ça pour une histoire de trésor racontée par son grand-père Atlantide, l'Empire perdu
18%
Aucun quiz correspondant
Distribution des résultats
% des personnes avec chaque résultat
Percentile par nombre de réponses
Votre historique - résultats
Vous n’avez pas pris ce quiz